000
00313nam a22001337a 4500
082
_a
592
_b
NAI/T
100
_a
NAIR, N.C
100
_a
LEELAVATHY, S
245
_a
A TECTBOOK OF INVERTEBRATES
260
_a
NAGARCOIL
_b
SARAS PUBLICATIONS
_c
2004
300
_a
1073
650
_a
BIOLOGY REFERENCE
_z
INDIA
942
_c
BK
999
_c
1389
_d
1389